<?xml version="1.0" encoding="UTF-8"?>
<record
    xmlns:xsi="http://www.w3.org/2001/XMLSchema-instance"
    xsi:schemaLocation="http://www.loc.gov/MARC21/slim http://www.loc.gov/standards/marcxml/schema/MARC21slim.xsd"
    xmlns="http://www.loc.gov/MARC21/slim">

  <leader>00479nam a22001337a 4500</leader>
  <controlfield tag="008">230519b        |||||||| |||| 00| 0 eng d</controlfield>
  <datafield tag="040" ind1=" " ind2=" ">
    <subfield code="a">National Science Library</subfield>
    <subfield code="c">National Science Library</subfield>
  </datafield>
  <datafield tag="080" ind1=" " ind2=" ">
    <subfield code="a">581.817(048)</subfield>
    <subfield code="b">M0</subfield>
  </datafield>
  <datafield tag="245" ind1=" " ind2=" ">
    <subfield code="a">Symposium on plant tissue culture, genetic manipulation and somatic hybridization of plant cells: </subfield>
    <subfield code="b">Programme &amp; Abstracts</subfield>
  </datafield>
  <datafield tag="260" ind1=" " ind2=" ">
    <subfield code="a">India: </subfield>
    <subfield code="b">Department of Atomic Energy, </subfield>
    <subfield code="c">1980</subfield>
  </datafield>
  <datafield tag="300" ind1=" " ind2=" ">
    <subfield code="a">82p.</subfield>
  </datafield>
  <datafield tag="650" ind1=" " ind2=" ">
    <subfield code="a">Symposium</subfield>
  </datafield>
  <datafield tag="942" ind1=" " ind2=" ">
    <subfield code="2">udc</subfield>
    <subfield code="c">SYM</subfield>
  </datafield>
  <datafield tag="999" ind1=" " ind2=" ">
    <subfield code="c">32554</subfield>
    <subfield code="d">32554</subfield>
  </datafield>
  <datafield tag="952" ind1=" " ind2=" ">
    <subfield code="0">0</subfield>
    <subfield code="1">0</subfield>
    <subfield code="2">udc</subfield>
    <subfield code="4">0</subfield>
    <subfield code="6">581817048_M0</subfield>
    <subfield code="7">0</subfield>
    <subfield code="9">49518</subfield>
    <subfield code="a">NSL</subfield>
    <subfield code="b">NSL</subfield>
    <subfield code="c">GF/Rk-10/C-20/R-2</subfield>
    <subfield code="d">1980-07-07</subfield>
    <subfield code="l">0</subfield>
    <subfield code="o">581.817(048) M0</subfield>
    <subfield code="p">90414</subfield>
    <subfield code="r">2023-05-19 00:00:00</subfield>
    <subfield code="w">1980-07-07</subfield>
    <subfield code="y">SYM</subfield>
  </datafield>
</record>
